|
|
|
|
| LEADER |
00619cam a2200169 7i4500 |
| 001 |
0000002637 |
| 005 |
19991025090000.0 |
| 002 |
##000003879 |
| 020 |
0 |
0 |
|a T000003833
|
| 090 |
0 |
0 |
|a P 685.092
|b LEA
|
| 245 |
0 |
0 |
|a Leather goods: a practical guide for exporters in developing countries.
|
| 260 |
0 |
0 |
|a Geneva:
|b International Trade Centre UNCTAD/GATT,
|c 1993.
|
| 300 |
0 |
0 |
|a 266 p..
|
| 500 |
0 |
0 |
|a This book surveys major European Communuity and North American markets for leather accessories and leather travel goods
|
| 650 |
0 |
0 |
|a Leather goods
|
| 651 |
0 |
0 |
|a North America
|
| 999 |
|
|
|a 000004260
|b Book
|c Open shelf
|e Business Information Centre
|